Statistics for Prison Break Ulitmate Quiz!!!!

Click here to take the quiz!

General Stats

  • This quiz has been taken 397 times
  • The average score is 5 of 11

Answer Stats

HintAnswer% Correct
What does 'LJ' stand forLincoln Junior
78%
What escapee was left stranded while looking for keys to the vanHaywire
74%
'Have a little...'Faith
69%
What age did Christina Scofield 'Die'31
63%
Company agent that killed his partnerPaul Kellerman
58%
What is C-Note's real nameBenjamin Franklin
54%
Partner of the aboveDanny Hale
21%
Who was Lincoln Burrows framed for killingTerence Steadman
16%
Name of the prison that Michael broke Sara out ofMiami dade penitentary
8%
What was the name of the boat in PanamaChristina Rose Scofield
7%
What was the 'Rainbow Room'Dedes Bedroom
3%

Score Distribution

Percentile by Number Answered

Percent of People with Each Score

Your Score History

You have not taken this quiz